Textes grecs, démotiques et bilingues : P.L. Bat. 19 /

محفوظ في:

مؤلفون آخرون: Boswinkel, E., Pestman, P. W.

التنسيق: كتاب

اللغة: French
English
German
Greek

منشور في: Leiden : E. J. Brill, 1978.

سلاسل: Papyrologica Lugduno-Batava ( Leyde ) ; 19.
P.L.Bat ; 19.

الموضوعات:

الوسوم: إضافة وسم

لا توجد وسوم, كن أول من يضع وسما على هذه التسجيلة!

رقم الطلب: PA3301 .P2 v.19

LEADER 01191namaa2200349 4500
001 25520
003 OSt
005 20250922075849.0
008 250922s1978 ne af g b 000 0 fre d
010 |a 79359999 
020 |a 9004057722 
040 |c ARCE Library 
041 0 |a fre  |a eng  |a ger  |a gre 
043 |a e-gr--- 
050 1 4 |a PA3301  |b .P2 v.19 
245 0 0 |a Textes grecs, démotiques et bilingues :   |b P.L. Bat. 19 /   |c edités par divers auteurs, publiés par E. Boswinkel, P. W. Pestman. 
264 1 |a Leiden :   |b  E. J. Brill,   |c 1978. 
300 |a x, 286 pages, [15] leaves of plates (1 folded ) :   |b illustrations ;   |c 29 cm. 
490 1 |a Papyrologica Lugduno-Batava ( Leyde ) ;   |v 19. 
490 1 |a P.L.Bat ;   |v 19. 
504 |a Includes bibliographical references. 
546 |a French, English, German, or Greek. 
650 0 |a Inscriptions, Greek. 
650 0 |a Manuscripts, Greek (Papyri)  |z Netherlands  |z Leiden. 
650 0 |a Paleography, Greek. 
700 1 |a Boswinkel, E.  |q (Ernst),  |9 27079 
700 1 |a Pestman, P. W.  
830 0 |a Papyrologica Lugduno-Batava ( Leyde ) ;   |v 19. 
830 0 |a P.L.Bat ;   |v 19. 
901 |a reviewed 
942 |c BK  |2 lcc 
999 |c 22247  |d 22247